| 000 | 00694cam a2200241 4500 | ||
|---|---|---|---|
| 001 | J85659 | ||
| 008 | 090401t1991 xxu||||| |||| 00| 0 eng d | ||
| 035 | _a(Sirsi) u80077 | ||
| 041 | _aeng | ||
| 050 | _a624.08 | ||
| 110 |
_aFederation Internationale des Ingenieurs-Conseils _9764 |
||
| 245 | 4 | _aThe White Book guide with other notes on documents for consultancy agreements. | |
| 260 |
_aLausanne _bFIDIC _c1991 |
||
| 300 | _a115,23p. ; 21cm. | ||
| 350 | _a27.5 | ||
| 650 | _aCONSULTANCY AGREEMENTS | ||
| 650 | _aCONSULTANTS | ||
| 650 | _aENGINEERING CONTRACTS | ||
| 650 | _aWHITE BOOK | ||
| 690 | _aBUILT ENVIRONMENT-BUILDING CONTRACT FORMS | ||
| 942 | _n0 | ||
| 948 | _c05/08/1997 | ||
| 999 |
_c96584 _d96584 |
||